[Event "Titled Tuesday intern op 06th May Early"]
[Site "Chess.com INT"]
[Date "2025.05.06"]
[Round "8"]
[White "Tsydypov, Zhamsaran"]
[Black "Caruana, Fabiano"]
[Result "1/2-1/2"]
[WhiteElo "2514"]
[BlackElo "2776"]
[PlyCount "103"]
[EventDate "2025.05.06"]
[EventType "swiss (blitz)"]
[EventRounds "11"]
[EventCountry "USA"]
[SourceTitle "CB20_2025"]
[SourceDate "2025.05.14"]
[SourceVersion "1"]
[SourceVersionDate "2025.05.14"]
[SourceQuality "1"]

1. e4 c5 2. Nf3 Nc6 3. Bb5 e6 4. 0-0 Nge7 5. c3 a6 6. Ba4 b5 7. Bc2 Bb7 8. a4 Ng6 9. Na3 b4 10. Nc4 Be7 11. d4 bxc3 12. d5 Nb4 13. bxc3 Nxc2 14. Rb1 Rb8 15. d6 Bf6 16. Qxc2 0-0 17. Be3 Bc6 18. Bxc5 Rc8 19. Bb6 Qe8 20. Bc7 Bd8 21. Bxd8 Qxd8 22. Nb6 Rb8 23. a5 f5 24. exf5 Bxf3 25. gxf3 Rxf5 26. Kh1 Ne5 27. Qe4 h6 28. Nd5 Nc6 29. Ne7+ Nxe7 30. dxe7 Qe8 31. Rxb8 Qxb8 32. Rd1 Qe8 33. Qb4 Rf7 34. Qb7 Qxe7 35. Qxa6 Qf6 36. Qa8+ Rf8 37. Qb7 Qxc3 38. a6 Qc2 39. Rg1 Qc6 40. Qxc6 dxc6 41. Rb1 Ra8 42. Rb6 c5 43. Rxe6 c4 44. Rc6 c3 45. Kg2 c2 46. Rxc2 Rxa6 47. h4 Kh7 48. Kh3 Rg6 49. Re2 Rf6 50. Kg3 Rg6+ 51. Kh3 Rf6 52. Kg3 1/2-1/2

[Event "Titled Tuesday intern op 06th May Early"]
[Site "Chess.com INT"]
[Date "2025.05.06"]
[Round "6"]
[White "Wagh, Suyog"]
[Black "Caruana, Fabiano"]
[Result "0-1"]
[WhiteElo "2319"]
[BlackElo "2776"]
[PlyCount "68"]
[EventDate "2025.05.06"]
[EventType "swiss (blitz)"]
[EventRounds "11"]
[EventCountry "USA"]
[SourceTitle "CB20_2025"]
[SourceDate "2025.05.14"]
[SourceVersion "1"]
[SourceVersionDate "2025.05.14"]
[SourceQuality "1"]

1. d4 Nf6 2. c4 e6 3. Nf3 Nc6 4. g3 Bb4+ 5. Bd2 Qe7 6. Bg2 Bxd2+ 7. Nbxd2 d6 8. Nf1 a5 9. Ne3 0-0 10. 0-0 Bd7 11. Rc1 h6 12. d5 Nb4 13. a3 Na6 14. b3 e5 15. Qc2 g6 16. Qb2 b5 17. Nd2 b4 18. axb4 axb4 19. Nc2 h5 20. Ra1 h4 21. Ra5 Nc5 22. Rxa8 Rxa8 23. Nxb4 hxg3 24. hxg3 Ng4 25. Ra1 Rb8 26. Nc6 Bxc6 27. dxc6 Qf6 28. Bf3 Qf5 29. b4 Ne6 30. Qc3 Nd4 31. b5 Qh5 32. Nf1 Kg7 33. Ra7 Rh8 34. Rxc7 Nxe2+ 0-1